University Home | Library Home | Institutional Repository

Pavlovian psychology. (Record no. 171820)

MARC details
000 -LEADER
fixed length control field 00594cam6a220021700 4500
001 - CONTROL NUMBER
control field zam00003238
008 - FIXED-LENGTH DATA ELEMENTS--GENERAL INFORMATION
fixed length control field 951128s1991 xx eng u
035 ## - SYSTEM CONTROL NUMBER
System control number (Sirsi) r20570
035 ## - SYSTEM CONTROL NUMBER
System control number (MACHINE)SLC.
100 ## - MAIN ENTRY--PERSONAL NAME
Personal name Munatamba, P. M.
Linkage A81274.1
245 10 - TITLE STATEMENT
Title Pavlovian psychology.
260 ## - PUBLICATION, DISTRIBUTION, ETC.
Date of publication, distribution, etc. 1991.
591 ## -
-- Class code: E 350.
591 ## -
-- Course: Written African literature.
591 ## -
-- School: S05.
591 ## -
-- Lecturer: Dr. MUNATAMBA, P.M.
591 ## -
-- Number of Students: 80.
949 ## - LOCAL PROCESSING INFORMATION (OCLC)
a MUN1-PAV
w lcc
m MAIN
t BOOK
l ON-SHELF
909 ## -
-- Reprint

No items available.

© 2026 - The University of Zambia Library - Koha v25.11